Yesterday and Today in the USA : Intermediate ESL Reader /
Gorde:
| Egile nagusia: | |
|---|---|
| Formatua: | Sách giấy |
| Hizkuntza: | English |
| Argitaratua: |
Englewood Cliffs, New Jersey :
Prentice-Hall ,
1992.
|
| Gaiak: | |
| Etiketak: |
Etiketa erantsi
Etiketarik gabe, Izan zaitez lehena erregistro honi etiketa jartzen!
|
| Thư viện lưu trữ: | Thư viện Trường Đại học Đà Lạt |
|---|
| LEADER | 00684nam a2200265 4500 | ||
|---|---|---|---|
| 001 | DLU020016076 | ||
| 005 | ##20001030 | ||
| 020 | # | # | |a 978- |
| 041 | # | # | |a eng |
| 082 | # | # | |a 428.6 |b LI-A |
| 100 | # | # | |a Live, Anna Harris. |
| 245 | # | # | |a Yesterday and Today in the USA : |b Intermediate ESL Reader / |c Live Anna Harris. |
| 260 | # | # | |a Englewood Cliffs, New Jersey : |b Prentice-Hall , |c 1992. |
| 300 | # | # | |a 270 tr.; |c 24 cm. |
| 653 | # | # | |a English language |
| 653 | # | # | |a Textbooks for foreign speakers |
| 992 | # | # | |a 15000 |
| 994 | # | # | |a DLU |
| 900 | # | # | |a False |
| 911 | # | # | |a Administrator |
| 925 | # | # | |a G |
| 926 | # | # | |a A |
| 927 | # | # | |a SH |
| 980 | # | # | |a Thư viện Trường Đại học Đà Lạt |